000 00676nam a2200205Ia 4500
003 GCL
008 140319s9999 xx 000 0 ara d
040 _aGCL /
_cGCL
082 0 4 _a239.9
_bس ا
100 1 _aسامية منيسى
245 1 0 _aالانصاريات من الصحابيات /
_cسامية منيسى
260 _a[S.N] :
_bالمكتبة الاكاديمية ،
_c1990
300 _a298 ص
490 _aالصحابيات ودورهم فى بناء امة الاسلام
_v0
650 0 4 _aالسيرة النبوية
650 0 4 _aنساء النبى
650 0 4 _aالصحابيات
650 0 4 _aالنساء فى الاسلام
942 _2ddc
_cBK
999 _c43040
_d43040